| 000 | 00604nam a2200205Ia 4500 | ||
|---|---|---|---|
| 003 | GCL | ||
| 008 | 140319s9999 xx 000 0 ara d | ||
| 040 |
_aGCL / _cGCL |
||
| 082 | 0 | 4 |
_a796.33 _bش ز |
| 100 | 1 | _aشفيق خالد | |
| 245 | 1 | 0 |
_aزمالك 1984 بطل الدورى / _cشفيق خالد |
| 260 |
_a[S.N] : _bE.M.M.E ، _c1984 |
||
| 300 | _a113 ص | ||
| 490 |
_aالهيئة العامة للاستعلامات _v0 |
||
| 650 | 0 | 4 | _aالرياضة |
| 650 | 0 | 4 | _aكرة القدم |
| 650 | 0 | 4 | _aكرة القدم, نوادى |
| 650 | 0 | 4 | _aالنادى الزمالك |
| 942 |
_2ddc _cBK |
||
| 999 |
_c48951 _d48951 |
||